| 000 | 01284cam a2200361 a 4500 | ||
|---|---|---|---|
| 999 |
_c23462 _d23462 |
||
| 001 | 4983331 | ||
| 005 | 20170126113637.0 | ||
| 008 | 980715s1998 nyua 000 0 eng d | ||
| 010 | _a 98071952 | ||
| 020 | _a0836269969 (Andrews McMeel) | ||
| 020 | _a0810958007 (Harry N. Abrams) | ||
| 035 | _a(OCoLC)40553720 | ||
| 040 |
_aCL _cCL _dDLC |
||
| 042 | _alccopycat | ||
| 043 | _ae-sp--- | ||
| 050 | 0 | 0 |
_aND813 _b .D3G58 1998 |
| 100 | 1 | _aGoff, Robert. | |
| 245 | 1 | 4 |
_aThe essential Salvador Dalí / _cby Robert Goff. |
| 246 | 3 | 0 | _aSalvador Dalí |
| 260 |
_aNew York : _bWonderland Press : _bHarry N. Abrams, _c1998. |
||
| 300 |
_a112 p. : _bcol. ill. ; _c16 cm. |
||
| 490 | 1 | _aEssential series | |
| 600 | 1 | 0 |
_aDalí, Salvador, _d1904-1989 _xCriticism and interpretation. |
| 650 | 0 |
_aSurrealism _zSpain. |
|
| 830 | 0 | _aEssential series (Wonderland Press) | |
| 942 |
_2lcc _cBOOKS _hND813 .D3G58 1998 |
||